| 000 | 01098nam0a22002531 4500 | ||
|---|---|---|---|
| 001 | rc\1000659 | ||
| 005 | 20250622072850.0 | ||
| 035 | _a(NLR Aleph) 006166997 | ||
| 090 |
_a5923795 _c5923795 |
||
| 100 | _a20041129d1981 |||y0rusy50 ca | ||
| 101 | 0 | _arus | |
| 102 | _aRU | ||
| 105 | _aa ||||||||| | ||
| 200 | 1 |
_aСовершенствование организации и планирования производственных процессов в серийном машиностроении _fА.Н. Золотарев, И.Н. Волик, Д.У. Бикулова, А.Д. Колыхалова _g[Отв. ред. А.Н. Золотарев] |
|
| 210 |
_aКиев _cНаукова думка _d1981 |
||
| 215 |
_a151 с. _cил. _d20 |
||
| 300 | _aВ надзаг.: АН УССР, Харьк. отд-ние Ин-та экономики | ||
| 320 | _aБиблиогр.: с. 144-150 (137 назв.) | ||
| 701 | 1 |
_aЗолотарев _bА.Н. _gАнатолий Николаевич |
|
| 801 | 0 |
_aRU _bNLR _gpsbo |
|
| 801 | 1 |
_aRU _bELAR _2rusmarc |
|
| 852 |
_aNLR _j82-3/673 |
||
| 942 | _cBOOK | ||
| 980 | _aNB | ||